000 00917nam a22002657a 4500
003 DO-SdBNP
005 20250416110035.0
007 ta
008 110301s2022 dr c 000 0 spa d
020 _a9789945180220
040 _aDO-SdBNP
_bspa
_cBNPHU
082 4 _a779.3
_bG216s
_222
100 1 _aGarcía, Jenny
_953018
245 1 0 _aSensaciones /
_cJenny García ; edición fotográfica Héctor Cappelletti ; introducción Carlos Francisco Elías.
260 _aSanto Domingo :
_bAmigo del Hogar,
_c2022.
300 _a[64] p. :
_bil., fots. ;
_c30 cm.
590 _aInventariado, 2022/ YL
600 1 4 _aGarcia, Jenny
_vViajes
_987468
650 0 _aFotografía de viajes
_987469
650 4 _aNaturaleza
_vFotografías
_954099
700 1 2 _aCappelletti, Héctor
_eed.
_981437
700 1 2 _aElías, Carlos Francisco
_eintrod.
_957656
910 _aYLockward/Validado. Control de calidad MFF
942 _2ddc
_cLBS1
999 _c52516
_d52516